International trade / (Record no. 60937)
[ view plain ]
| 000 -LEADER | |
|---|---|
| fixed length control field | 00736nam a2200253 a 4500 |
| 001 - CONTROL NUMBER | |
| control field | 60937 |
| 003 - CONTROL NUMBER IDENTIFIER | |
| rucl marc code | BD-RjUL |
| 005 - DATE AND TIME OF LATEST TRANSACTION | |
| control field | 20211209080911.0 |
| 008 - FIXED-LENGTH DATA ELEMENTS--GENERAL INFORMATION | |
| fixed length control field | 170104r 1927nyua 000 0 eng d |
| 035 ## - SYSTEM CONTROL NUMBER | |
| System control number | (BD-RjUL)61061 |
| 040 ## - CATALOGING SOURCE | |
| Original cataloging agency | DLC |
| Transcribing agency | UWC |
| Modifying agency | OCL |
| -- | EQO |
| Language of cataloging | eng |
| 041 ## - LANGUAGE CODE | |
| Language code of text/sound track or separate title | eng |
| 082 ## - DEWEY DECIMAL CLASSIFICATION NUMBER | |
| Edition number | 23 |
| Classification number | 382 |
| Author mark and year | TAI 1966 |
| 090 ## - LOCALLY ASSIGNED LC-TYPE CALL NUMBER (OCLC); LOCAL CALL NUMBER (OCLC) | |
| Classification number (OCLC) (R) ; Classification number, CALL (RLIN) (NR) | HF1007 |
| Local cutter number (OCLC) ; Book number/undivided call number, CALL (RLIN) | .T25 |
| 100 1# - MAIN ENTRY--PERSONAL NAME | |
| Personal name | Taussig, F. W. |
| Fuller form of name | (Frank William), |
| Dates associated with a name | 1859-1940. |
| 9 (RLIN) | 177107 |
| 245 10 - TITLE STATEMENT | |
| Title | International trade / |
| Statement of responsibility, etc. | by F.W. Taussig. |
| 260 ## - PUBLICATION, DISTRIBUTION, ETC. (IMPRINT) | |
| Place of publication, distribution, etc. | New York : |
| Name of publisher, distributor, etc. | Macmillan, |
| Date of publication, distribution, etc. | 1927 [Reprinted 1966] |
| 300 ## - PHYSICAL DESCRIPTION | |
| Pagination | xxi, 425 p. : |
| Illustrations | ill. ; |
| Size | 22 cm. |
| 500 ## - GENERAL NOTE | |
| General note | Includes index |
| 650 #0 - SUBJECT ADDED ENTRY--TOPICAL TERM | |
| Topical term or geographic name as entry element | Commerce |
| 9 (RLIN) | 174075 |
| Topical term or geographic name as entry element | Foreign exchange |
| 9 (RLIN) | 176284 |
| Topical term or geographic name as entry element | International trade |
| 9 (RLIN) | 172390 |
| 942 ## - ADDED ENTRY ELEMENTS (KOHA) | |
| Source of classification or shelving scheme | Dewey Decimal Classification |
| Koha item type | Books |
| Lost status | Source of classification or shelving scheme | Damaged status | Not for loan | Collection code | Permanent Location | Current Location | Shelving location | Date acquired | Source of acquisition | Cost, normal purchase price | Total Checkouts | Full call number | Date last seen | Copy number | Koha item type |
|---|---|---|---|---|---|---|---|---|---|---|---|---|---|---|---|
| Dewey Decimal Classification | Not For Loan | Non-fiction | Central Library, University of Rajshahi | Central Library, University of Rajshahi | Reading Room | 12/06/1968 | Zeitlinger | 60.00 | 382 TAI 1966 | 04/01/2017 | C-1 | Books |